Evaluación del equilibrio líquido- vapor para sistemas binarios

Spremljeno u:
Bibliografski detalji
Glavni autor: Hernández Camacho, Kathia Eugenia
Format: Knjiga
Izdano: San José, Costa Rica 1991
Teme:
Oznake: Dodaj oznaku
Bez oznaka, Budi prvi tko označuje ovaj zapis!

MARC

LEADER 00000nam a2200000Ia 4500
003 005145
005 20221231144330.0
008 140114s1991 cr a m 000 ||s d
040 |c cru CEDI 
090 |a TFG 2445 
100 |a Hernández Camacho, Kathia Eugenia  |9 12853 
245 |a Evaluación del equilibrio líquido- vapor para sistemas binarios 
260 |c 1991  |a San José, Costa Rica 
300 |a 150 hojas : ilustraciones ; 28 cm.  
500 |a Proyecto de graduación (licenciatura en ingeniería mecánica)--Universidad de Costa Rica. Facultad de Ingeniería. Escuela de Ingeniería Mecánica 
650 |x REGLA DE LAS FASES Y EQUILIBRIO   |x  MANUALES DE LABORATORIO  |9 12854 
942 |c TFG 
999 |c 20276  |d 20276